| 000 | 00714nam a2200229 i 4500 | ||
|---|---|---|---|
| 001 | 67671 | ||
| 003 | ES-MaACL | ||
| 005 | 20240202093540.0 | ||
| 007 | t| | ||
| 008 | 980421s2003 sp ||||0| spa j | ||
| 020 | _a84-932206-5-5 | ||
| 040 |
_aM-BN _bspa _cM-BN |
||
| 080 | _a821.134.2-32"20"(082.2) | ||
| 245 | 0 | 0 | _aOctava Edición del Certamen Literario "Santoña-- la mar". |
| 260 |
_aSantoña : _bAyuntamiento de Santoña, Concejalía de Cultura, _c2003. |
||
| 300 |
_a112 p. ; _c21 cm. |
||
| 650 | 1 | 4 |
_aNovela española _yS.XXI _915637 |
| 710 | 1 |
_aSantoña. _bAyuntamiento. _96505 |
|
| 740 | 0 | _aSantoña... la mar. | |
| 852 |
_aES-MaACL _jL-27883 _bR.133470 |
||
| 999 |
_c67671 _d67671 |
||